000 00548nam a22001937a 4500
003 DO-SdBNP
005 20171201103938.0
008 171110b 2007 nyu ||||| |||| 00| 0 spa d
020 _a9780312367541
040 _aBPMSU
_bspa
_cBPMSU
092 _axxxx
_bxxxx
100 1 _aL'Engle, Madeleine
245 1 0 _aA wrinkle in time /
_cMadeleine L'Engle.
260 _aNew York :
_bSquare Fish,
_bRandom House,
_c2007.
300 _a245 p. ;
_c20 cm.
942 _2ddc
_cBK
945 _aInventariado 2017 / LP
956 _aLOPEREZ
_b10
_c20171110
999 _c12838
_d12838